| 000 | 01788nam0a2200385 4500 | ||
|---|---|---|---|
| 001 | RU\NLR\BIBL_A\010678237 | ||
| 005 | 20260407140200.0 | ||
| 035 | _a(NLR Aleph) 010678237 | ||
| 090 |
_a9635501 _c9635501 |
||
| 100 | _a20150220d1943 u y0rusy50 ca | ||
| 101 | 0 | _arus | |
| 102 | _aRU | ||
| 105 | _ay z 000yy | ||
| 135 | _acrbn 008apadp | ||
| 200 | 1 |
_aПамятка краснофлотцу-зенитчику _fПолит. упр. Краснознаменного Балтийского Флота |
|
| 210 |
_a[Ленинград] _cТип. Политуправления КБФ _d1943 |
||
| 215 |
_a7, [1] с. _d11 |
||
| 225 | 1 | _aСмерть немецким оккупантам! | |
| 325 | _aКопия доступна в Электрон. б-ке РНБ | ||
| 606 | 1 |
_aЗенитная артиллерия _jПамятки _xБоевое применение _91125877 _3RU\NLR\AUTH\66446671 |
|
| 686 | 1 | _aЦ541.215-91я82 | |
| 712 | 0 | 2 |
_4570 _aБалтийский флот _bПолитическое управление _3RU\NLR\AUTH\8810005574 _9508529 |
| 852 |
_aNLR _jII Л3-259/1-102 |
||
| 856 | 0 | _uhttp://vivaldi.nlr.ru/ab000002562/view | |
| 856 | 1 | _uhttp://vivaldi.nlr.ru/ab000002562/cover | |
| 856 | 2 | _uhttp://vivaldi.nlr.ru/ab000002562/text | |
| 901 | _eКнижные издания | ||
| 942 | _cBOOK | ||
| 945 | _aРоссийская национальная библиотека | ||
| 980 | _aNB | ||
| 980 | _aBV | ||
| 981 | 3 | 7 |
_a(37) Ленинград в Великой Отечественной войне _b(37) Книги блокадного Ленинграда |
| 981 | 3 | 4 | _a(34) Санкт-Петербург |